000 00777nam a2200241Ia 4500
003 GCL
005 20240530105418.0
008 140319s9999 xx 000 0 ara d
040 _aGCL /
_cGCL
082 0 4 _a810.95
_bا ش
100 1 _aاحسان عباس
245 1 0 _aشذرات من كتب مفقودة فى التاريخ /
_cاحسان عباس
260 _aبيروت :
_bدار الغرب الاسلامى ،
_c1988
300 _a534 ص ،
_c24 سم
650 0 4 _aالشعر العربى
650 0 4 _aالادب العربى
650 0 4 _aالعصر الحديث
650 0 4 _aالادب العربى - المغرب
650 0 4 _aالمسرحية العربية
650 0 4 _aالنثر العربى
650 0 4 _aتاريخ ونقد
942 _2ddc
_cBK
999 _c55795
_d55795